书目信息 |
| 题名: |
公差配合与技术测量(修订本)
|
|
| 作者: | 姜明德 , 杨福泉 编著 | |
| 分册: | ||
| 出版信息: | 长沙 湖南科学技术出版社 1999.08 |
|
| 页数: | 257页 | |
| 开本: | 16开 | |
| 丛书名: | ||
| 单 册: | ||
| 中图分类: | P207 | |
| 科图分类: | ||
| 主题词: | 测绘学 , 测量学 | |
| 电子资源: | ||
| ISBN: | 7-5357-0107-8 | |
| 000 | 00664nam0 2200217 45 | |
| 001 | 0008091155 | |
| 005 | 20000809112526.0 | |
| 010 | @a7-5357-0107-8@d14.50元 | |
| 100 | @a20000809d1999 km y0chiy0120 ea | |
| 101 | 0 | @achi |
| 105 | @a z 000yy | |
| 200 | 1 | @a公差配合与技术测量(修订本)@AGong Chai Pei He Yu Ji Shu Ce Liang(Xiu Ding Ben)@f姜明德,杨福泉编著@FJiang Ming De,Yang Fu Quan Bian Zhu |
| 210 | @a长沙@c湖南科学技术出版社@d1999.08 | |
| 215 | @a257页@d16开 | |
| 606 | 0 | @a测绘学 |
| 606 | 0 | @a测量学 |
| 690 | @aP207@v3 | |
| 701 | 0 | @a姜明德@4编著 |
| 701 | 0 | @a杨福泉@4编著 |
| 801 | @aCN@bPftUser@c20000809 | |
| 905 | @b100321-325@dP207@eJ142=3@f5 | |
| 公差配合与技术测量(修订本)/姜明德,杨福泉编著.-长沙:湖南科学技术出版社,1999.08 |
| 257页;16开 |
| ISBN 7-5357-0107-8:14.50元 |
| ● |
| 相关链接 |
|
|
|
正题名:公差配合与技术测量(修订本)
索取号:P207/J142=3
 
预约/预借
| 序号 | 登录号 | 条形码 | 馆藏地/架位号 | 状态 | 备注 |
| 1 | 100321 | 201003216 | 社科二线400B/400B社科库 6排4列3层/ [索取号:P207/J142=3] | 在馆 | |
| 2 | 100322 | 201003225 | 社科二线400B/400B社科库 6排4列3层/ [索取号:P207/J142=3] | 在馆 | |
| 3 | 100323 | 201003234 | 社科二线400B/400B社科库 2排1列4层/ [索取号:P207/J142=3] | 在馆 | |
| 4 | 100324 | 201003243 | 社科二线400B/400B社科库 6排4列3层/ [索取号:P207/J142=3] | 在馆 | |
| 5 | 100325 | 201003252 | 自科库401/401自科库 114排1列4层/ [索取号:P207/J142=3] | 在馆 |